Statistics for Crayola Crayon Colors 16 Box

Click here to take the quiz!

General Stats

  • This quiz has been taken 32 times
  • The average score is 12 of 16

Answer Stats

HintAnswer% Correct
.Black
100%
.Blue
100%
.Green
100%
.Orange
100%
.Violet
100%
.Brown
96%
.Carnation Pink
96%
.Yellow
96%
.Red
92%
.White
92%
.Red-Orange
46%
.Yellow-Green
46%
.Yellow-Orange
42%
.Blue-Green
31%
.Red-Violet
31%
.Blue-Violet
27%

Score Distribution

Percentile by Number Answered

Percent of People with Each Score

Your Score History

You have not taken this quiz